| 000 | 01161cam a22003377a 4500 | ||
|---|---|---|---|
| 003 | CHAP | ||
| 005 | 20220329142345.0 | ||
| 008 | 000920d2000 mx a r 00110 esp d | ||
| 010 | _a82290 | ||
| 011 | _a83262 | ||
| 020 | _a9687462167 | ||
| 035 | _a93773 | ||
| 040 | _cCHAP | ||
| 082 | 0 | 4 |
_a638.12 _bL4 |
| 100 | 0 | 0 |
_aLeal Sarti, José Antonio. _965317 |
| 245 | 1 | 0 |
_aTécnicas para la producción de abejas a granel : _botra alternativa para obtener más ingresos _c/por José Antonio Leal Sarti |
| 260 |
_aMéxico, D. F. : _bMundi-Prensa, _c2000. |
||
| 300 |
_a97 p. : _bilus. |
||
| 590 |
_aBATCH-UPD _b10 _c20130110 _lUCH01 _h0627 |
||
| 590 |
_aBATCH-UPD _b10 _c20130410 _lUCH01 _h0310 |
||
| 590 |
_aBATCH-UPD _b10 _c20130914 _lUCH01 _h1010 |
||
| 590 |
_aCONVERSION _b10 _c20130109 _lUCH01 _h1346 |
||
| 650 | 1 | 4 |
_aAbejas reina. _9196 |
| 650 | 1 | 4 |
_aApicultura. _96241 |
| 650 | 1 | 4 |
_aColmenas. _925339 |
| 901 | _aBK | ||
| 905 | _aLilia Sánchez G. | ||
| 942 | _cLIBRO | ||
| 949 |
_a638.12 L4 _bBC _cLIBRO _d33724000819520 _eLIBRO _fc.2 _gI.210878 _h99914 _i93773 _si _t$168.30 |
||
| 949 |
_a638.12 L4 _bBC _cLIBRO _d33724000982518 _eLIBRO _gI.206439 _h98807 _i93773 _si _t$168.30 |
||
| 999 |
_c82290 _d82290 |
||